Estatísticas para Frequências

Clique aqui para jogar o quiz

Estatísticas Gerais

  • Esse quiz foi jogado 2 515 vezes
    (1 347 desde o último reset)
  • A pontuação média é 16 de 21

Estatísticas das Respostas

HintResposta% Correto
Canópus121,9
84%
Solar126,3
84%
Vésper121,7
83%
Capela118,3
81%
Fênix133,0
81%
Argos134,6
81%
VOR(PIR)115,8
78%
Coringa122,3
78%
Flecha120,1
76%
CENTAURUS122,1
76%
Tucano124,3
76%
Trunfos136,15
76%
Poláris123,6
74%
ÁQUILA124,75
71%
LÉO120,5
69%
NEGRO125,5
67%
COPAS123,55
66%
ESPADAS125,25
66%
ÓRION133,25
66%
PAUS135,35
64%
OUROS123,2
59%

Distribuição das Pontuações

Percentil de Números Respondidos

Porcentagem de Pessoas com Cada Pontuação

Sua Pontuação Histórica

Você não jogou esse quiz desde o último reset